000 00635nam a2200193Ia 4500
003 GCL
008 140319s9999 xx 000 0 ara d
040 _aGCL /
_cGCL
082 0 4 _a812.009
_bف م
100 1 _aفاطمة يوسف محمد
245 1 0 _aالمسرح والسلطة فى مصر من 1952_ 1970 /
_cفاطمة يوسف محمد
260 _a[S.N] :
_bالهيئة المصرية العامة للكتاب ،
_c1993
300 _a187 ص
490 _aسلسلة دراسات ادبية
_v0
650 0 4 _aالادب العربى
650 0 4 _aالمسرحيات
650 0 4 _aتاريخ ونقد
942 _2ddc
_cBK
999 _c35258
_d35258